| 000 | 01106cam a2200301 a 4500 | ||
|---|---|---|---|
| 999 |
_c332435 _d332435 |
||
| 001 | 2471208 | ||
| 003 | NUST | ||
| 005 | 20171206092843.0 | ||
| 008 | 900702s1991 miua b 001 0 eng | ||
| 010 | _a 90042891 | ||
| 020 | _a0873712366 | ||
| 040 |
_aDLC _cDLC _dDLC |
||
| 050 | 0 | 0 |
_aTD778 _b.K36 1990 |
| 082 | 0 | 0 |
_a628.742 KAP _220 |
| 100 | 1 |
_aKaplan, O. Benjamin. _96945 |
|
| 245 | 1 | 0 |
_aSeptic systems handbook / _cO. Benjamin Kaplan. |
| 250 | _a2nd ed. | ||
| 260 |
_aChelsea, Mich. : _bLewis Publishers, _cc1991. |
||
| 300 |
_axx, 434 p. : _bill. ; _c24 cm. |
||
| 500 | _aH.B | ||
| 504 | _aIncludes bibliographical references and index. | ||
| 650 | 0 |
_aSeptic tanks. _96946 |
|
| 650 | 0 |
_aGroundwater. _92268 |
|
| 650 | 0 |
_aSoils _xLeaching. _96947 |
|
| 856 | 4 | 2 |
_3Publisher description _uhttp://www.loc.gov/catdir/enhancements/fy0744/90042891-d.html |
| 906 |
_a7 _bcbc _corignew _d1 _eocip _f19 _gy-gencatlg |
||
| 942 |
_2ddc _cBK _kIESE |
||